العلاقات العامة والاتصال التفاعلي عبر المواقع الإلكترونية والاجتماعية / (رقم التسجيلة. 42258)

تفاصيل مارك
000 -الفاتح
حقل البيانات ثابتة الطول 01062nam a22002657a 4500
003 - محدد رقم الضبط
رقم الضبط OSt
005 - وقت وتاريخ اخر تعامل مع التسجيلة
رقم الضبط 20180427160432.0
008 - عناصر البيانات ثابتة الطول - معلومات عامة
حقل البيانات ثابتة الطول 170817s2018 ua g b 000 0 ara d
020 ## - الرقم الدولى المعيارى للكتب
الرقم الدولى المعيارى للكتاب 9789777801058
040 ## - مصدر الفهرسة
وكالة الفهرسة الأصلية Ma-Un
لغة الفهرسة ara
وكالة النسخ Dar Arab
082 04 - رقم تصنيف ديوى العشرى
رقم الطبعة 21
رقم التصنيف 302
رقم المادة ص ح ع
100 1# - المدخل الرئيسى - إسم شخصى
9 (RLIN) 62985
الإسم الشخصى الصالحي، حاتم علي
245 12 - بيان العنوان
العنوان العلاقات العامة والاتصال التفاعلي عبر المواقع الإلكترونية والاجتماعية /
بيان المسئوليه,etc حاتم علي الصالحي.
250 ## - بيان الطبعة
بيان الطبعة ط. 1.
260 ## - PUBLICATION, DISTRIBUTION, ETC. (IMPRINT)
مكان الناشر او الموزع القاهرة :
اسم الناشر او الموزع عالم الكتب،
تاريخ النشر أو التوزيع 2018.
300 ## - الوصف المادى
التعداد 266 ص. ؛
أبعاد الوعاء 24 سم.
504 ## - تبصرة ببليوجرافية
تبصرة ببليوجرافية,الخ يشتمل على إرجاعات ببليوجرافية.
650 #4 - المدخل الاضافى بالموضوع-مصطلح موضوعى
مصطلح موضوعي أو اسم جغرافي كعنصر مدخل التفاعل الاجتماعي
9 (RLIN) 63234
650 #4 - المدخل الاضافى بالموضوع-مصطلح موضوعى
مصطلح موضوعي أو اسم جغرافي كعنصر مدخل الاتصال (علم اجتماع)
9 (RLIN) 63235
650 #4 - المدخل الاضافى بالموضوع-مصطلح موضوعى
مصطلح موضوعي أو اسم جغرافي كعنصر مدخل العلاقات الإنسانية
9 (RLIN) 63236
650 #4 - المدخل الاضافى بالموضوع-مصطلح موضوعى
مصطلح موضوعي أو اسم جغرافي كعنصر مدخل التكنولوجيا
التقسيم الفرعي العام جوانب اجتماعية
9 (RLIN) 60981
942 ## - عناصر المدخل الإضافي( كوها)
Koha [default] item type كتاب
949 ## - معلومات معالجة محلية(OCLC)
a ALGU
d 15/05/2009
i DA8707-8
n 1
u system.
949 ## - معلومات معالجة محلية(OCLC)
a ARUC
n 1
d 2011/9/11
u training
المقتنيات
حالة الفقد نموذج السعر الفعال حالة تلف ليس للاعارة رقم الطلب رقم النسخة تاريخ الاكتساب الموقع الحالي الباركود الفرع الرئيسي Date last seen نوع المادة فى نظام كوها مصدر التصنيف او خطة الترفيف Total Checkouts
  2018-04-27   Not For Loan 302 ص ح ع 1 2018-04-27 المكتبة المركزية بالمجمعة (CL) 00245846 المكتبة المركزية بالمجمعة (CL) 2018-04-27 كتاب Dewey Decimal Classification  
  2018-04-27     302 ص ح ع 2 2018-04-27 المكتبة المركزية بالمجمعة (CL) 00245845 المكتبة المركزية بالمجمعة (CL) 2018-04-27 كتاب Dewey Decimal Classification  
  2018-04-27     302 ص ح ع 3 2018-04-27 المكتبة المركزية بالمجمعة (CL) 00245844 المكتبة المركزية بالمجمعة (CL) 2018-04-27 كتاب Dewey Decimal Classification  
  2018-04-27   Not For Loan 302 ص ح ع 1 2018-04-27 مكتبة كلية التربية بالزلفى - طالبات (EZF) 00245841 مكتبة كلية التربية بالزلفى - طالبات (EZF) 2018-04-27 كتاب Dewey Decimal Classification  
  2018-04-27     302 ص ح ع 2 2018-04-27 مكتبة كلية التربية بالزلفى - طالبات (EZF) 00245840 مكتبة كلية التربية بالزلفى - طالبات (EZF) 2018-04-27 كتاب Dewey Decimal Classification  
  2018-04-27   Not For Loan 302 ص ح ع 1 2018-04-27 مكتبة مجمع الطالبات بالمجمعة (EMF) 00245843 مكتبة مجمع الطالبات بالمجمعة (EMF) 2018-04-27 كتاب Dewey Decimal Classification  
  2018-04-27     302 ص ح ع 2 2018-04-27 مكتبة مجمع الطالبات بالمجمعة (EMF) 00245842 مكتبة مجمع الطالبات بالمجمعة (EMF) 2018-04-27 كتاب Dewey Decimal Classification